Sink-independent model in wireless sensor networks

Bibliographic Details
Main Authors: Kim, Sang-Sik (Author), Jung, Kwang-Ryul (Author), Park, Ae-Soon (Author), Kim, Ki-Il (Author)
Format: Article
Language:Slovak
English
PhysicalDescription:Grafy, tab., sch.
ISSN:1335-9150
Subjects:

MARC

LEADER 00000nab a2200000 a 4500
001 vtls009530726
003 SK-MaSNL
005 20260304153537.0
008 250506c2008 xo |||||||||||000 b|slo
015 |a SNBRB2009/06  |2 snkbucl 
035 |a (uuid)a26264f5-a1ce-4e5f-bc14-4d055ec790a9 
035 |a urn:nbn:sk:snk-ab14nc 
035 |a (urnnbn)urn:nbn:sk:snk:ar-a048qw 
038 |a SNKBUCL 
040 |a SNKBUCL  |b slo  |c SNKBUCL  |e AACR2 
041 0 |a eng 
044 |a xo  |c SK 
080 |a 004.75:621.396  |2 2001 
080 |a 681.586  |2 2001 
245 0 0 |a Sink-independent model in wireless sensor networks  |c Sang-Sik Kim ... [et al.] 
300 |b Grafy, tab., sch. 
504 |a Bibliogr. odkazy 
546 |a Res. angl. 
650 0 7 |a senzorové siete  |2 snkbucl  |9 486317 
650 0 7 |a bezdrôtové senzorové siete  |2 snkbucl  |9 1096505 
650 0 7 |a komunikačné modely  |2 snkbucl  |9 1477064 
700 1 |a Kim, Sang-Sik  |4 aut  |9 1477065 
700 1 |a Jung, Kwang-Ryul  |4 aut  |9 1477066 
700 1 |a Park, Ae-Soon  |4 aut  |9 1477067 
700 1 |a Kim, Ki-Il  |4 aut  |9 1477068 
773 0 |t Computing and informatics  |g Vol. 27, no. 5 (2008), p. 769-784  |x 1335-9150 
850 |a Slovenská národná knižnica 
852 |a Slovenská národná knižnica 
958 |a article27 
958 |a NB 
958 |a OND 
958 |a EUIPO 
999 |c 2954078  |d 2956008